000 00353cas a2200133 a 4500
082 _a954.0358
_bIND
245 0 0 _aInda in 1929-30
_cGoverment of India
260 _aIndia
_bGoverment of India
_cc1931.
300 _av. ;
_c26 cm.
_b496 p.
526 _a0
_b0
_c0
_d954_035800000000000_IND
650 0 _aMCE
_9379
650 2 _zIndia
_925356
942 _2ddc
_cBK
999 _c553175
_d553175